Managerial Economics / (Record no. 1061)
[ view plain ]
| 000 -LEADER | |
|---|---|
| Fixed length control field | 00480nam a2200181 4500 |
| 003 - CONTROL NUMBER IDENTIFIER | |
| Control field | SEACOMMC |
| 005 - DATE AND TIME OF LATEST TRANSACTION | |
| Control field | 20250502114109.0 |
| 008 - FIXED-LENGTH DATA ELEMENTS--GENERAL INFORMATION | |
| Fixed length control field | 250206b |||||||| |||| 00| 0 eng d |
| 020 ## - INTERNATIONAL STANDARD BOOK NUMBER / ISBN | |
| International Standard Book Number | 978-93-5253518-7 |
| Price | Rs.495.00 |
| 040 ## - CATALOGING SOURCE | |
| Original cataloging agency | SEACOMMC |
| 082 ## - DEWEY DECIMAL CLASSIFICATION NUMBER | |
| Classification number | 330.068 |
| Book Number | A 287 |
| 100 ## - MAIN ENTRY--PERSONAL NAME | |
| Personal name | Ahuja, H L |
| 245 1# - TITLE STATEMENT | |
| Title | Managerial Economics / |
| Statement of responsibility | H L Ahuja & Amit Ahuja |
| 250 ## - EDITION STATEMENT | |
| Edition statement | 2nd rev.ed. |
| 260 ## - IMPRINT | |
| Place of publication | New Delhi |
| Name of publisher | S.Chand Publishers |
| Date of publication | 2008 |
| 650 ## - SUBJECT ADDED ENTRY--TOPICAL TERM | |
| Topical term | Economic |
| 942 ## - ADDED ENTRY ELEMENTS (KOHA) | |
| Koha item type | Books |
| Withdrawn status | Lost status | Source of classification | Damaged status | Not for loan | Home library | Current library | Shelving location | Date acquired | Total Checkouts | Call number | Accession number | Date last seen | Date checked out | Price effective from | Koha item type | Copy number |
|---|---|---|---|---|---|---|---|---|---|---|---|---|---|---|---|---|
| Dewey Decimal Classification | SEACOM MANAGEMENT COLLEGE | SEACOM MANAGEMENT COLLEGE | Reference | 22/07/2008 | 1 | 330.068 A 287 | M-1936 | 05/11/2025 | 05/11/2025 | 06/02/2025 | Books | |||||
| Dewey Decimal Classification | SEACOM MANAGEMENT COLLEGE | SEACOM MANAGEMENT COLLEGE | 22/07/2008 | 330.068 A 287 | M-1937 | 06/02/2025 | 06/02/2025 | Books | 1 | |||||||
| Dewey Decimal Classification | SEACOM MANAGEMENT COLLEGE | SEACOM MANAGEMENT COLLEGE | 22/07/2008 | 330.068 A 287 | M-1938 | 06/02/2025 | 06/02/2025 | Books | 2 |
